000 00311nam a22001217a 4500
008 230623b xxu||||| |||| 00| 0 eng d
020 _a996699856X
082 _a330
_bIEA 2002
245 _aThe Little Fact Book
260 _aNairobi
_bThe Institute of Economic Affairs
_c2002
300 _aX,81p
942 _2ddc
_cBK
999 _c2517
_d2517